Catching our breath/ (Record no. 542849)

000 -LEADER
fixed length control field 00335nam a22001217a 4500
082 ## - DEWEY DECIMAL CLASSIFICATION NUMBER
Classification number 363.7392
Author Mark CAT
-- D
245 ## - TITLE STATEMENT
Title Catching our breath/
Statement of responsibility, etc. Edward M.
260 ## - PUBLICATION, DISTRIBUTION, ETC.
Place of publication, distribution, etc. Wahington :
Name of publisher, distributor, etc. Government Printing Office,
Date of publication, distribution, etc. 1989.
300 ## - PHYSICAL DESCRIPTION
Extent x, 237 p. :
Other physical details ill. ;
526 ## - STUDY PROGRAM INFORMATION NOTE
Program name 0
Interest level 0
Reading level 0
Title point value 363_739200000000000_CAT
650 ## - SUBJECT ADDED ENTRY--TOPICAL TERM
Topical term or geographic name entry element MCE (D)
942 ## - ADDED ENTRY ELEMENTS (KOHA)
Source of classification or shelving scheme
Koha item type Book
Holdings
Withdrawn status Lost status Source of classification or shelving scheme Damaged status Not for loan Permanent Location Current Location Date acquired Total Checkouts Full call number Barcode Date last seen Price effective from Koha item type
          Military College of Engineering (MCE) Military College of Engineering (MCE) 02/20/2014   363.7392 CAT MCE-42484 02/20/2014 02/20/2014 Book
© 2023 Central Library, National University of Sciences and Technology. All Rights Reserved.